000 01028nam a2200301 a 4500
001 000042715
003 DO-SdBNP
005 20250207093834.0
007 ta
008 140205s2012 dr 001 f spa d
020 _a9789945404838
040 _aDO-SdBNP
_bspa
_cBNPHU
_erda
082 4 _aRD863.5
_bA162s
_222
100 1 _aAbreu Vargas, Zoila,
_eautor
_4aut.
_970029
245 1 3 _aLa sustitución /
_cZoila Abreu Vargas.
264 1 _aSanto Domingo :
_bEdiciones de Cultura,
_c2012.
300 _a283 páginas ;
_c23 cm.
336 _atexto
_btxt
_2rdacontent
337 _asin mediación
_bn
_2rdamedia
338 _avolumen
_bnc
_2rdacarrier
500 _aIncluye datos biográficos del autor en la solapa de la cubierta.
590 _aInventariado, 2020/VM
650 4 _aNovela dominicana
_9223
650 4 _aLiteratura dominicana.
_967
710 _aRepública Dominicana.
_bMinisterio de Cultura.
_bSistema Nacional de Creación Literaria.
_969918
910 _aValidado. Control de calidad EMS.
942 _2ddc
_cLBS1
999 _c42204
_d42204